000
00251nam a22000977a 4500
100
_a
Serier, J.B.
245
_a
Le caoutchouc 'rouge'
260
_a
France
_b
Institut de Recherches sur le Caoutchouc (IRCA)
_c
1988
300
_a
107-109,170-172
942
_c
RE
999
_c
75401
_d
75401